Angry Birds Transformers: All Playable Characters by Picture - Statistics

General Stats
  • This quiz has been taken 19 times
    17 since last reset
  • The average score is 60 of 77
Answer Stats
Picture Answer % Correct
Bludgeon
100%
Bumblebee
100%
Galvatron
100%
Jazz
100%
Megatron
100%
Optimus Prime
100%
Shockwave
100%
Soundwave
100%
Acid Storm
92%
Arcee
92%
Blurr
92%
Brawl
92%
Devastator
92%
Drift
92%
Grimlock
92%
Lockdown
92%
Nemesis Prime
92%
Sentinel Prime
92%
Starscream
92%
Ultra Magnus
92%
Barricade
85%
Blaster
85%
Bluestreak
85%
Breakdown
85%
Chromia
85%
Heatwave
85%
Hound
85%
Ironhide
85%
Menasor
85%
Nautica
85%
Prowl
85%
Ratchet
85%
Rodimus Prime
85%
Scorponok
85%
Soundblaster
85%
Thundercracker
85%
Trypticon
85%
Warpath
85%
Wheeljack
85%
Alpha Trion
77%
Cliffjumper
77%
Elita One
77%
Kup
77%
Mirage
77%
Moonracer
77%
Motormaster
77%
Nightbird
77%
Optimus Maximus
77%
Ramjet
77%
Skywarp
77%
Sunstreaker
77%
Windblade
77%
Airachnid
69%
Cosmos
69%
Drag Strip
69%
Greenlight
69%
Omega Supreme
69%
Red Alert
69%
Sideswipe
69%
Slipstream
69%
Smokescreen
69%
Volcanicus
69%
Beachcomber
62%
Cyclonus
62%
Dead End
62%
Grapple
62%
Nemesis Hot Rod
62%
Strongarm
62%
Sunstorm
62%
Ricochet
54%
Dirge
46%
Flamewar
46%
Superion
46%
Ionstorm
38%
Novastar
38%
Thrust
38%
Novastorm
31%
No matching quizzes found
Score Distribution
Percent of People with Each Score
Percentile by Number Answered
Your Score History
You have not taken this quiz since the last reset